コンテンツを見る
VuFind
言語
English
Deutsch
Español
Français
Italiano
日本語
Nederlands
Português
Português (Brasil)
中文(简体)
中文(繁體)
Türkçe
עברית
Gaeilge
Cymraeg
Ελληνικά
Català
Euskara
Русский
Čeština
Suomi
Svenska
polski
Dansk
slovenščina
اللغة العربية
বাংলা
Galego
Tiếng Việt
Hrvatski
हिंदी
全フィールド
タイトル
著者
主題
請求記号
ISBN/ISSN
タグ
検索
詳細検索
検索
Paul Temple /
この資料を引用
この資料をメール
印刷
エクスポート
エクスポート先: RefWorks
エクスポート先: EndNoteWeb
エクスポート先: EndNote
permanent_link
ロード中...
Paul Temple /
書誌詳細
言語:
Undetermined
所蔵
その他の書誌記述
類似資料
MARC表示
LEADER
00273nam a2200097Ia 4500
001
143020
008
170722s9999 xx 000 0 und d
245
|a
Paul Temple /
942
|c
GEN
999
|c
162123
|d
162123
952
|0
0
|1
0
|4
0
|7
0
|9
226029
|a
LIB
|b
LIB
|d
2017-08-12
|p
G17515
|r
2017-08-12
|w
2017-08-12
|y
GEN
類似資料
Paul Temple and the Kelby affair
著者:: Durbridge, Francis
出版事項: (1970)
Paul temple and the Madison case /
著者:: Durbridge, Francis
出版事項: (1988)
Paul /
著者:: Bornkamm, Gunther
出版事項: (1971)
Paul
著者:: Bornkamm, Gunther
出版事項: (1969)
Paul and Juliana
著者:: Richard Hawley
ロード中...